Normal view
MARC view
Entry Topical Term
001 - CONTROL NUMBER
- control field: 157649
003 - CONTROL NUMBER IDENTIFIER
- control field: OSt
005 - DATE AND TIME OF LATEST TRANSACTION
- control field: 20220923211042.0
008 - FIXED-LENGTH DATA ELEMENTS
- fixed length control field: 220923|| aca||aabn | a|a d
040 ## - CATALOGING SOURCE
- Original cataloging agency: OSt
- Transcribing agency: OSt
150 ## - HEADING--TOPICAL TERM
- Topical term or geographic name entry element: ਸਾਂFੲਛ ਸੱਸFਥ੍ਹਛ
670 ## - SOURCE DATA FOUND
- Source citation: Work cat.: (OSt)294543: ਸਿੰਘ, ਪ੍ਰੇਮ ਪ੍ਰਕਾF, ਥਦ. 157648, ਸੰਸਕ੍ਰਿਤ ਪੰਜਾਬੀ ਕੋF, 2002
